| 000 | 00939nam a22002655i 4500 | ||
|---|---|---|---|
| 001 | 176258 | ||
| 003 | ES-MaACL | ||
| 005 | 20230906220030.0 | ||
| 008 | 101228s1949 fr |||| | fre d | ||
| 080 | _a94(4)"1610/1715" | ||
| 100 | 1 |
_aPréclin, Edmond. _9144553 |
|
| 245 | 1 | 3 |
_aLe XVIIe siècle _b: monarchies centralisées (1610-1715) / _cpar Edmond Préclin, Victor-L. Tapié. |
| 250 | _a2e éd. rev. et corr. | ||
| 260 |
_aParis : _bPresses Universitaires de France, _c1949. |
||
| 300 |
_aLII, 813 p. ; _c19 cm. |
||
| 490 | 1 |
_aClio, introduction aux études historiques ; _v7 |
|
| 500 | _aÍndice. | ||
| 504 | _aBibliografía: p. XIX-LII, p. 647-671. | ||
| 546 | _aTexto en francés. | ||
| 651 | 4 |
_aEuropa- _xHistoria- _y1610-1715. _9144554 |
|
| 700 | 0 |
_aTapié, Victor L. _9109251 |
|
| 830 | 0 |
_aClio, introduction aux études historiques ; _v7 _9189992 |
|
| 852 |
_aES-MaACL _jE-13921 _xOlim P-671 |
||
| 999 |
_c176258 _d176258 |
||